|
|
|
|
| LEADER |
00975nam a2200241 a 4500 |
| 001 |
1343690 |
| 008 |
091221r19871978enkaf b 001 0 eng d |
| 999 |
|
|
|c 6324
|d 6324
|
| 010 |
|
|
|a 79311774
|
| 020 |
|
|
|a 0333234405 :
|c £9.50
|
| 020 |
|
|
|a 0333234413 (pbk.)
|
| 040 |
|
|
|a DLC
|c DLC
|d DLC
|d BD-DhAAL
|
| 082 |
0 |
0 |
|a 309.2630951
|2 18
|
| 100 |
1 |
|
|a Aziz, Sartaj.
|9 29405
|
| 245 |
1 |
0 |
|a Rural development :
|b learning from China /
|c Sartaj Aziz.
|
| 260 |
|
|
|a London :
|b Macmillan,
|c 1978.[reprinted 1987]
|
| 300 |
|
|
|a xxi, 201, [2] leaves of plates :
|b ill. ;
|c 23 cm.
|
| 504 |
|
|
|a Includes bibliography: ([190]-193) and index.
|
| 541 |
1 |
|
|e 00003385
|
| 650 |
|
0 |
|a Rural development
|z China.
|9 29406
|
| 852 |
4 |
|
|a Ayesha Abed Library
|j General Shelf.
|
| 942 |
|
|
|2 ddc
|c BK
|
| 952 |
|
|
|0 0
|1 0
|2 ddc
|4 0
|6 309_263095100000000_AZI_1987
|7 0
|9 6374
|a BRACUL
|b BRACUL
|c GEN
|d 2009-12-23
|g 0.00
|l 3
|m 21
|o 309.2630951 AZI
|p 3010003385
|r 2023-03-22
|s 2023-01-30
|t 1
|w 2009-12-23
|y BK
|x No price found in the accession register.
|